Biochemical Engineering (Record no. 189293)

MARC details
000 -LEADER
fixed length control field 00527nam a2200205Ia 4500
008 - FIXED-LENGTH DATA ELEMENTS--GENERAL INFORMATION
fixed length control field 240823s9999||||xx |||||||||||||| ||und||
020 ## - INTERNATIONAL STANDARD BOOK NUMBER
International Standard Book Number 978-81-203-3052-8
082 ## - DEWEY DECIMAL CLASSIFICATION NUMBER
-- 660.28449 P7
100 ## - MAIN ENTRY--PERSONAL NAME
Personal name Mukesh Doble
245 #0 - TITLE STATEMENT
Title Biochemical Engineering
250 ## - EDITION STATEMENT
Edition statement 1st
260 ## - PUBLICATION, DISTRIBUTION, ETC. (IMPRINT)
Date of publication, distribution, etc 2007
Name of publisher, distributor, etc "Prentice Hall of India,New Delhi"
500 ## - GENERAL NOTE
General note TRANSFERED
650 ## - SUBJECT ADDED ENTRY--TOPICAL TERM
Topical term or geographic name as entry element Biochemical
700 ## - ADDED ENTRY--PERSONAL NAME
Personal name Sathyanarayana N Gummadi
942 ## - ADDED ENTRY ELEMENTS (KOHA)
Item type Books
Holdings
Withdrawn status Lost status Damaged status Permanent location Current location Shelving location Date acquired Source of acquisition Cost, normal purchase price Full call number Barcode Date last seen Koha item type
      CENTRAL LIBRARY, NOORUL ISLAM CENTRE FOR HIGHER EDUCATION CENTRAL LIBRARY, NOORUL ISLAM CENTRE FOR HIGHER EDUCATION   04/11/2012 World Book House Chennai 195.00 660.28449 P7 41628 08/23/2024 Books
Visitors:
Copyright © 2024 Central Library NICHE.  All rights reserved.